| 000 | 01324nam a22002897a 4500 | ||
|---|---|---|---|
| 005 | 20170202160124.0 | ||
| 008 | 170202b xxu||||| |||| 00| 0 hin d | ||
| 010 | _aA-883281 | ||
| 020 |
_c60.00 _a8126001070 |
||
| 035 | _aA-883281 | ||
| 037 | _bCen Lib/Ret | ||
| 040 |
_aDPL _bHN |
||
| 082 |
_aक _bदासकि |
||
| 100 |
_aदास, किशोरी चरण _952434 |
||
| 245 |
_aठाकुर घर / _cकिशोरी चरण दास; अनुवादक सिद्धार्थ मानसिंह महापात्र |
||
| 246 |
_aThakur ghar / _bby Kishori Charan Das; anuvadak Siddharth Mansingh Mahapatra |
||
| 260 |
_aनयी दिल्ली _bसाहित्य अकादेमी _c1996 |
||
| 270 |
_aरबिन्द्र भवन, 35, फ़िरोज़शाह मार्ग _bनयी दिल्ली _e110001 |
||
| 300 |
_a126पृ. _c21सेमी (सजिल्द) |
||
| 520 | _aAW | ||
| 650 |
_aओरिया साहित्य _952435 |
||
| 650 |
_aकहानी संग्रह _952436 |
||
| 650 |
_aOriya literature _923291 |
||
| 650 |
_aStory collection _952437 |
||
| 700 |
_aमानसिंह महापात्र, सिद्धार्थ _952403 |
||
| 942 |
_2ddc _cHN _hक _mदासकि |
||
| 999 |
_c113479 _d113479 |
||